[Event "Druga liga centralne Srbije grupa "]
[Site "?"]
[Date "2016.10.06"]
[Round "6.1"]
[White "Lekic, Dusan"]
[Black "Irizanin, Radoje"]
[Result "1/2-1/2"]
[WhiteElo "2360"]
[BlackElo "2317"]
[PlyCount "45"]
[EventDate "2016.09.04"]

1. d4 Nf6 2. c4 e6 3. Nf3 b6 4. g3 Bb7 5. Bg2 Bb4+ 6. Bd2 Bxd2+ 7. Qxd2 O-O 8.
O-O d6 9. Qc2 Nbd7 10. Nc3 a6 11. Rfe1 c5 12. d5 exd5 13. Nh4 Qc7 14. Nxd5 Bxd5
15. cxd5 b5 16. h3 c4 17. Nf5 Rae8 18. b4 g6 19. Nd4 Qb6 20. Rad1 Ne5 21. Qc3
Re7 22. Kh1 Rfe8 23. Rf1 1/2-1/2

[Event "Druga liga centralne Srbije grupa "]
[Site "?"]
[Date "2016.10.06"]
[Round "6.1"]
[White "Mirkovic, Stevan"]
[Black "Misailovic, Nebojsa"]
[Result "1/2-1/2"]
[WhiteElo "2306"]
[BlackElo "2344"]
[PlyCount "33"]
[EventDate "2016.09.04"]

1. Nf3 Nf6 2. c4 g6 3. Nc3 d5 4. Qa4+ Bd7 5. Qb3 dxc4 6. Qxc4 Bg7 7. e4 c6 8.
d4 O-O 9. e5 Nd5 10. Nxd5 cxd5 11. Qb3 Nc6 12. Be3 Bg4 13. Be2 Qa5+ 14. Bd2 Qd8
15. Be3 Qa5+ 16. Bd2 Qd8 17. Be3 1/2-1/2

[Event "Druga liga centralne Srbije grupa "]
[Site "?"]
[Date "2016.10.06"]
[Round "6.1"]
[White "Vlatkovic, Sinisa"]
[Black "Smolovic, Mile"]
[Result "1/2-1/2"]
[WhiteElo "2264"]
[BlackElo "2291"]
[PlyCount "42"]
[EventDate "2016.09.04"]

1. d4 Nf6 2. c4 g6 3. Nc3 Bg7 4. Nf3 d6 5. g3 O-O 6. Bg2 Nc6 7. O-O a6 8. a3
Rb8 9. b4 b5 10. cxb5 axb5 11. Ra2 e6 12. e4 Ne7 13. Rc2 Bb7 14. Re1 Qd7 15.
Nd2 Ne8 16. Nb3 f5 17. f3 Nf6 18. Qe2 Ba8 19. e5 dxe5 20. dxe5 Nfd5 21. Nc5 Qc6
1/2-1/2

[Event "Druga liga centralne Srbije grupa "]
[Site "?"]
[Date "2016.10.06"]
[Round "6.1"]
[White "Gavrilovic, Leonardo"]
[Black "Pavkov, Nebojsa"]
[Result "0-1"]
[WhiteElo "2226"]
[BlackElo "2216"]
[PlyCount "76"]
[EventDate "2016.09.04"]

1. Nf3 g6 2. e4 d6 3. d4 Bg7 4. h3 Nf6 5. Nc3 O-O 6. Be3 a6 7. Bd3 b5 8. a3 Bb7
9. O-O Nbd7 10. d5 c6 11. dxc6 Bxc6 12. Nd4 Bb7 13. Nb3 Rc8 14. f4 Nb6 15. Qe2
Nc4 16. Bxc4 Rxc4 17. Nd2 Rc8 18. Qf2 Nd7 19. Bd4 Bxd4 20. Qxd4 Qb6 21. Qf2 a5
22. Rac1 b4 23. axb4 axb4 24. Ne2 Rc7 25. c3 Rfc8 26. Qxb6 Nxb6 27. Ra1 Nc4 28.
Nxc4 Rxc4 29. Ra7 R8c7 30. e5 dxe5 31. fxe5 Re4 32. Nd4 Rxe5 33. cxb4 Rd7 34.
Nb3 Re2 35. Rb1 Rxg2+ 36. Kf1 Rh2 37. Nc5 Rdd2 38. Ke1 Rde2+ 0-1

[Event "Druga liga centralne Srbije grupa "]
[Site "?"]
[Date "2016.10.06"]
[Round "6.1"]
[White "Pecinar, Zoran"]
[Black "Matovic, Petar"]
[Result "0-1"]
[WhiteElo "2166"]
[BlackElo "2159"]
[PlyCount "62"]
[EventDate "2016.09.04"]

1. c4 Nf6 2. g3 c6 3. Bg2 d5 4. Qc2 g6 5. Nf3 Bg7 6. O-O O-O 7. d3 Bg4 8. h3
Be6 9. Nbd2 Qc8 10. Kh2 a5 11. Rb1 Rd8 12. b3 d4 13. a3 c5 14. b4 axb4 15. axb4
cxb4 16. Rxb4 Nc6 17. Rb1 Qc7 18. Nb3 Bf5 19. Nh4 Bc8 20. Nc5 Ra5 21. Ne4 Nxe4
22. Bxe4 Rh5 23. f4 g5 24. Bf3 Rh6 25. Ng2 g4 26. Bxc6 Rxh3+ 27. Kg1 Qxc6 28.
Kf2 Rh2 29. Rg1 b6 30. Kf1 Bb7 31. Ne1 Qh6 0-1

[Event "Druga liga centralne Srbije grupa "]
[Site "?"]
[Date "2016.10.06"]
[Round "6.1"]
[White "Radosavljevic, Slobodan S"]
[Black "Civric, Zdravko"]
[Result "0-1"]
[WhiteElo "2169"]
[BlackElo "2185"]
[PlyCount "76"]
[EventDate "2016.09.04"]

1. d4 Nf6 2. Nf3 e6 3. Nbd2 c5 4. e3 b6 5. Bd3 Be7 6. O-O O-O 7. c3 d6 8. Qe2
Nbd7 9. e4 e5 10. Rd1 Qc7 11. Nf1 Bb7 12. Bg5 Rfe8 13. Rac1 d5 14. Nxe5 c4 15.
Bc2 Nxe4 16. Bxe7 Rxe7 17. Bxe4 Nxe5 18. Bxh7+ Kxh7 19. Qh5+ Kg8 20. dxe5 Rxe5
21. Qg4 Rae8 22. Ne3 Qe7 23. Qf4 Re4 24. Qg3 f5 25. Nc2 d4 26. f3 f4 27. Qf2
Re2 28. Qxd4 Qg5 29. Ne1 Bxf3 30. g3 Rxh2 31. Qxc4+ Kh8 32. Qxf4 Rh1+ 33. Kf2
Qxf4 34. gxf4 Bxd1 35. Rxd1 Kh7 36. a3 Re4 37. b4 Rxf4+ 38. Kg2 Rff1 0-1

[Event "Druga liga centralne Srbije grupa "]
[Site "?"]
[Date "2016.10.06"]
[Round "6.1"]
[White "Zivanic, Slobodan"]
[Black "Kozaicevski, Fedja"]
[Result "1-0"]
[WhiteElo "2127"]
[BlackElo "1971"]
[PlyCount "117"]
[EventDate "2016.09.04"]

1. e4 c5 2. Nf3 Nc6 3. d4 cxd4 4. Nxd4 e5 5. Nb5 d6 6. c4 f5 7. N1c3 a6 8. Na3
Nf6 9. Bg5 Be7 10. exf5 Bxf5 11. Bxf6 Bxf6 12. Bd3 e4 13. Be2 Bxc3+ 14. bxc3
Qa5 15. Nb1 Qe5 16. O-O Rc8 17. Qd2 Na5 18. Na3 Be6 19. Rab1 Qc5 20. Qb2 O-O
21. Rbd1 Rf7 22. Rd4 Rcf8 23. Qb4 Qe5 24. Qxd6 Qf5 25. Qg3 Nc6 26. Rd2 Qc5 27.
Qd6 Qg5 28. Rdd1 Rf6 29. Nc2 Kh8 30. Qg3 Qa5 31. Nd4 Qxa2 32. Ra1 Qd2 33. Rad1
Qa2 34. Ra1 Qb2 35. Rab1 Qd2 36. Rbd1 Qh6 37. Nxc6 bxc6 38. Kh1 Kg8 39. Rd6 e3
40. f4 Bf5 41. Rxf6 Qxf6 42. Qxe3 Bg6 43. f5 Re8 44. Qg3 Bf7 45. Bf3 c5 46. Bd5
Rd8 47. h3 Kf8 48. Re1 a5 49. Qe3 Bxd5 50. cxd5 Qf7 51. Qxc5+ Kg8 52. c4 Qxf5
53. Qxa5 Rc8 54. Qb5 Qf7 55. Rd1 Qh5 56. Qb3 Qe2 57. d6 Re8 58. c5+ Kh8 59. d7
1-0

[Event "Druga liga centralne Srbije grupa "]
[Site "?"]
[Date "2016.10.06"]
[Round "6.2"]
[White "Danilovic, Aleksandar"]
[Black "Ostojic, Nikola"]
[Result "1/2-1/2"]
[WhiteElo "2400"]
[BlackElo "2421"]
[PlyCount "29"]
[EventDate "2016.09.04"]

1. c4 c5 2. Nc3 Nc6 3. g3 g6 4. Bg2 Bg7 5. Nf3 e6 6. e3 Nge7 7. O-O d5 8. cxd5
Nxd5 9. Nxd5 exd5 10. d4 cxd4 11. Nxd4 Nxd4 12. exd4 O-O 13. Qb3 Be6 14. Be3
Qd7 15. Rac1 1/2-1/2

[Event "Druga liga centralne Srbije grupa "]
[Site "?"]
[Date "2016.10.06"]
[Round "6.2"]
[White "Nestorovic, Lazar"]
[Black "Bugarcic, Ivan"]
[Result "1-0"]
[WhiteElo "2378"]
[BlackElo "2177"]
[PlyCount "81"]
[EventDate "2016.09.04"]

1. e4 g6 2. d4 Bg7 3. Nc3 d6 4. Bg5 h6 5. Be3 Nf6 6. f3 Nbd7 7. Qd2 c6 8. O-O-O
Qa5 9. Kb1 h5 10. Bd3 a6 11. Nh3 b5 12. f4 b4 13. Ne2 Ng4 14. Bg1 c5 15. e5
dxe5 16. dxe5 e6 17. Ng5 O-O 18. h3 Ngxe5 19. fxe5 Nxe5 20. Nf3 Bb7 21. Nxe5
Bxe5 22. Qg5 Qc7 23. Bc4 Bg7 24. Bh2 Qc6 25. Rhg1 Qe4 26. Qf4 Rfd8 27. Rxd8+
Rxd8 28. Qxe4 Bxe4 29. Bf4 Bd4 30. Nxd4 Rxd4 31. Bxa6 Bxc2+ 32. Kxc2 Rxf4 33.
Kd2 c4 34. Ke3 e5 35. Rc1 c3 36. bxc3 bxc3 37. Rxc3 Kg7 38. Bc4 Rd4 39. a4 f5
40. a5 f4+ 41. Ke2 1-0

[Event "Druga liga centralne Srbije grupa "]
[Site "?"]
[Date "2016.10.06"]
[Round "6.2"]
[White "Naskovic, Filip"]
[Black "Zivkovic, Dejan"]
[Result "0-1"]
[WhiteElo "2223"]
[BlackElo "2287"]
[PlyCount "95"]
[EventDate "2016.09.04"]

1. e4 a6 2. d4 b5 3. Bd3 e6 4. Ne2 c5 5. c3 Bb7 6. O-O Nf6 7. f3 Nc6 8. Be3
cxd4 9. cxd4 Nb4 10. Nbc3 Nxd3 11. Qxd3 b4 12. Na4 Bc6 13. Nc5 d6 14. Nb3 Bb5
15. Qd2 Be7 16. Rfc1 a5 17. Rc2 a4 18. Nbc1 d5 19. e5 Nd7 20. Rb1 b3 21. axb3
axb3 22. Nxb3 Ba4 23. Nec1 Rb8 24. Qd3 Qb6 25. Rc3 Bb4 26. Rc2 Be7 27. Rc3 Bb4
28. Rc2 O-O 29. Rf2 Be1 30. Nc5 Bxf2+ 31. Bxf2 Bb5 32. Qd2 Qc7 33. f4 Bc4 34.
b4 Qc6 35. N1d3 Ra8 36. Nxd7 Qxd7 37. Nc5 Qb5 38. Bg3 Ra2 39. Qe3 Rfa8 40. f5
Ra1 41. Re1 Qxb4 42. fxe6 fxe6 43. Nxe6 Rxe1+ 44. Bxe1 Ra1 45. Kf2 Qb2+ 46. Kg1
Qb1 47. Kf2 Qf5+ 48. Nf4 0-1

[Event "Druga liga centralne Srbije grupa "]
[Site "?"]
[Date "2016.10.06"]
[Round "6.2"]
[White "Zivkovic, Sava"]
[Black "Kolarevic, Darko"]
[Result "0-1"]
[WhiteElo "2273"]
[BlackElo "2169"]
[PlyCount "76"]
[EventDate "2016.09.04"]

1. e4 c6 2. d4 d5 3. e5 Bf5 4. Nc3 Qb6 5. Nf3 e6 6. Be2 Nd7 7. O-O Ne7 8. b3
Bg4 9. Na4 Qc7 10. c4 Nf5 11. Bf4 Be7 12. Rc1 Qd8 13. Qd3 O-O 14. h3 Bxf3 15.
Bxf3 dxc4 16. bxc4 Bg5 17. Bxg5 Qxg5 18. Bg4 Nh6 19. f4 Qe7 20. Bf3 f6 21. Be4
f5 22. Bf3 g5 23. c5 gxf4 24. Nb2 Kh8 25. Nc4 Rg8 26. Qd2 Qh4 27. Rb1 Rg3 28.
Rf2 Rag8 29. Rxb7 Rxh3 30. Kf1 Rh1+ 31. Ke2 Ng4 32. Rxd7 Qxf2+ 33. Kd3 Qf1+ 34.
Kc3 Ne3 35. Nd6 Rb8 36. Rb7 Rxb7 37. Nxb7 Qc4+ 38. Kb2 Qb5+ 0-1

[Event "Druga liga centralne Srbije grupa "]
[Site "?"]
[Date "2016.10.06"]
[Round "6.2"]
[White "Gavrilovic, Vladan"]
[Black "Ignjatovic, Predrag"]
[Result "1-0"]
[WhiteElo "2178"]
[BlackElo "2270"]
[PlyCount "147"]
[EventDate "2016.09.04"]

1. d4 Nf6 2. c4 e6 3. Nf3 b6 4. g3 Ba6 5. Qa4 Be7 6. Bg2 Bb7 7. O-O O-O 8. Nc3
Ne4 9. Be3 Nxc3 10. bxc3 d6 11. Qc2 f5 12. Rad1 Be4 13. Qc1 Qe8 14. Nd2 Bxg2
15. Kxg2 Nd7 16. f3 g5 17. Bf2 Qh5 18. Rh1 Rf7 19. h3 Qg6 20. Qc2 Rg7 21. Qa4
Qe8 22. e4 fxe4 23. fxe4 Nf8 24. Qxe8 Rxe8 25. a4 Ng6 26. a5 Rf8 27. Be3 h5 28.
Ra1 Nf4+ 29. Kh2 Ng6 30. axb6 axb6 31. Ra7 Bd8 32. Rf1 Rxf1 33. Nxf1 Rf7 34.
Kg2 Kg7 35. Nd2 Nf8 36. Ra8 Bf6 37. Nb1 c5 38. Rb8 Ra7 39. Rxb6 Be7 40. Kf3 Kf7
41. Rb2 Nd7 42. Ke2 Ke8 43. Kd3 Ra1 44. Kc2 Bd8 45. Bc1 Bf6 46. Kd3 Bd8 47. Rb7
Nb6 48. Bxg5 Rxb1 49. Rb8 Rd1+ 50. Ke2 Rg1 51. Rxd8+ Kf7 52. Kf2 Ra1 53. Rxd6
Nxc4 54. Rd7+ Kg6 55. h4 Ra2+ 56. Ke1 Ra3 57. Rc7 Nb2 58. Rc6 Kf7 59. Rc7+ Kg8
60. dxc5 Rxc3 61. c6 Rc4 62. Kd2 Rc5 63. Be7 Nc4+ 64. Ke2 Ra5 65. Rd7 Ra2+ 66.
Kd1 Ne3+ 67. Ke1 Ng2+ 68. Kf1 Ne3+ 69. Kg1 Ra1+ 70. Kf2 Ng4+ 71. Ke2 Rc1 72. c7
Ne5 73. Rd8+ Kf7 74. Bd6 1-0

[Event "Druga liga centralne Srbije grupa "]
[Site "?"]
[Date "2016.10.06"]
[Round "6.3"]
[White "Savicevic, Vlatko"]
[Black "Stojanovic, Marko"]
[Result "1-0"]
[WhiteElo "2340"]
[BlackElo "2308"]
[PlyCount "107"]
[EventDate "2016.09.04"]

1. e4 e5 2. Nf3 Qe7 3. Nc3 c6 4. Bc4 h6 5. d4 d6 6. O-O Nf6 7. a4 a5 8. dxe5
dxe5 9. Qe2 Na6 10. Rd1 Qc7 11. b3 Nc5 12. Bb2 Be7 13. h3 Ne6 14. Nd5 cxd5 15.
Bxe5 Qb6 16. exd5 O-O 17. dxe6 Bxe6 18. Bd4 Qc6 19. Bxe6 Qxe6 20. Qxe6 fxe6 21.
Ne5 Rfe8 22. Nc4 Nd5 23. Re1 Ra6 24. Re4 Rc8 25. Rae1 Rcc6 26. R1e2 Bf6 27. Ne5
Bxe5 28. Bxe5 Kf7 29. Rd2 g5 30. c4 Ne7 31. Re3 Ke8 32. Red3 Ra8 33. Rd6 Rac8
34. Bf6 Nf5 35. Rd7 R6c7 36. R7d3 Kf7 37. Bc3 b6 38. Be5 Rc5 39. Rd7+ Kg6 40.
Bb2 h5 41. g4 hxg4 42. hxg4 Nh4 43. Rg7+ Kh6 44. Rdd7 Nf3+ 45. Kg2 Ne5 46. Rh7+
Kg6 47. Rde7 Kf6 48. Rb7 Kg6 49. Rbe7 Kf6 50. Bd4 Rd8 51. Bxc5 bxc5 52. Ra7
Nxg4 53. Rxa5 Rd3 54. Rh3 1-0

[Event "Druga liga centralne Srbije grupa "]
[Site "?"]
[Date "2016.10.06"]
[Round "6.3"]
[White "Ilic, Zdravko"]
[Black "Simic, Dragisa"]
[Result "0-1"]
[WhiteElo "2151"]
[BlackElo "2290"]
[PlyCount "86"]
[EventDate "2016.09.04"]

1. e4 e6 2. d4 d5 3. e5 c5 4. c3 Nc6 5. Be3 Nge7 6. Bd3 Bd7 7. Nf3 c4 8. Bc2 b5
9. Ng5 h6 10. Nh3 b4 11. O-O Qa5 12. cxb4 Nxb4 13. Bd2 Qb6 14. Bxb4 Qxb4 15.
Nc3 Nc6 16. Qd2 Qb6 17. Rfd1 Be7 18. Kh1 Rb8 19. Rab1 O-O 20. f4 f5 21. Ng1 Qa5
22. Nge2 Rb7 23. Rg1 Nb4 24. g4 Nxc2 25. Qxc2 Be8 26. gxf5 Rxf5 27. Rbf1 Qb6
28. Nd1 Rf8 29. f5 exf5 30. Rxf5 Bg5 31. Rxf8+ Kxf8 32. Qf5+ Kg8 33. h4 Bxh4
34. Ndc3 Bg5 35. e6 Re7 36. Nxd5 Bc6 37. Nec3 Qxd4 38. Rg4 Qf6 39. Qe4 Qxe6 40.
Qxc4 Rd7 41. Rd4 Be3 42. Kh2 Bxd4 43. Nf6+ Kf7 0-1

[Event "Druga liga centralne Srbije grupa "]
[Site "?"]
[Date "2016.10.06"]
[Round "6.3"]
[White "Biljanic, Ljubomir"]
[Black "Savic, Petar A"]
[Result "1/2-1/2"]
[WhiteElo "2218"]
[BlackElo "2073"]
[PlyCount "102"]
[EventDate "2016.09.04"]

1. d4 Nf6 2. c4 d5 3. cxd5 Qxd5 4. Nc3 Qa5 5. Bd2 Qb6 6. e3 c6 7. a3 Bf5 8. f3
Bg6 9. b4 e6 10. Nge2 Bd6 11. e4 e5 12. Be3 Qc7 13. d5 O-O 14. dxc6 bxc6 15.
Rc1 Qe7 16. Na4 Nfd7 17. g4 a5 18. Nc5 axb4 19. axb4 Ra3 20. Qd2 Nxc5 21. bxc5
Bc7 22. Kf2 Rd8 23. Qb2 Ra7 24. Ng3 Nd7 25. h4 Rda8 26. Bc4 h6 27. h5 Bh7 28.
Kg2 Nf8 29. Ra1 Rb8 30. Qc2 Rab7 31. Rhb1 Rxb1 32. Rxb1 Ra8 33. Rb7 Kh8 34. Qb3
Ne6 35. Bxe6 fxe6 36. Qb6 Bxb6 37. Rxe7 Ra2+ 38. Kh3 Ba5 39. Rxe6 Ra3 40. Re8+
Bg8 41. Nf5 Kh7 42. Rxe5 Bc4 43. Re7 Bg8 44. Kg3 Be1+ 45. Kf4 Bc3 46. e5 Ra4+
47. Kg3 Kh8 48. Nh4 Ra8 49. f4 Be1+ 50. Bf2 Ra3+ 51. Nf3 Bd2 1/2-1/2

[Event "Druga liga centralne Srbije grupa "]
[Site "?"]
[Date "2016.10.06"]
[Round "6.3"]
[White "Rikalovic, Milan"]
[Black "Djosic, Slavoljub"]
[Result "0-1"]
[WhiteElo "2017"]
[BlackElo "2287"]
[PlyCount "39"]
[EventDate "2016.09.04"]

1. e4 d6 2. f4 g6 3. Nf3 Bg7 4. d4 Nf6 5. Bd3 O-O 6. O-O c5 7. c3 cxd4 8. cxd4
Nc6 9. h3 Qb6 10. Kh2 Nxd4 11. Nbd2 Nc6 12. a3 Qc7 13. g3 Qd7 14. Ng1 e5 15. f5
d5 16. g4 gxf5 17. exd5 e4 18. Bxe4 Nxd5 19. Bxd5 Qxd5 20. g5 0-1

[Event "Druga liga centralne Srbije grupa "]
[Site "?"]
[Date "2016.10.06"]
[Round "6.3"]
[White "Rajevic, Gavrilo"]
[Black "Jakovljevic, Ljubomir"]
[Result "1-0"]
[WhiteElo "2264"]
[BlackElo "1922"]
[PlyCount "73"]
[EventDate "2016.09.04"]

1. e4 e6 2. d4 d5 3. Nc3 c6 4. Nf3 Bb4 5. e5 Ne7 6. Bd3 h6 7. O-O c5 8. Nb5 c4
9. c3 a6 10. cxb4 axb5 11. Bc2 Nbc6 12. Bd2 Bd7 13. a3 Nc8 14. Qe2 Nb6 15. Qe3
O-O 16. h3 Na4 17. Rab1 Rc8 18. Rfe1 Qe7 19. Bxa4 bxa4 20. b5 Na7 21. Bb4 Qd8
22. Bxf8 Kxf8 23. Qf4 Bxb5 24. Re3 Nc6 25. g4 Kg8 26. h4 Ne7 27. h5 Bd7 28. Kh2
b5 29. Rg1 Rb8 30. Nh4 Nc6 31. g5 hxg5 32. Rxg5 Kh7 33. Rxg7+ Kxg7 34. Rg3+ Kf8
35. Qh6+ Ke7 36. Qf6+ Kf8 37. Ng6+ 1-0

[Event "Druga liga centralne Srbije grupa "]
[Site "?"]
[Date "2016.10.06"]
[Round "6.4"]
[White "Gajic, Branko"]
[Black "Mrsevic, Miroslav"]
[Result "1-0"]
[WhiteElo "2204"]
[BlackElo "2255"]
[PlyCount "71"]
[EventDate "2016.09.04"]

1. e4 Nf6 2. Bc4 e5 3. d3 c6 4. Nf3 Be7 5. O-O Qc7 6. Bg5 a5 7. a4 d6 8. c3 O-O
9. Re1 Nbd7 10. Nbd2 Re8 11. Qb3 Rf8 12. d4 b6 13. Nf1 Ba6 14. Ng3 Bxc4 15.
Qxc4 Rfe8 16. dxe5 dxe5 17. Nf5 Bf8 18. b4 Re6 19. Bc1 h6 20. h3 axb4 21. cxb4
Rxa4 22. Rxa4 b5 23. Qa2 bxa4 24. Qxa4 Qb7 25. Ba3 c5 26. bxc5 Bxc5 27. Bxc5
Nxc5 28. Qa5 Nfxe4 29. Qd8+ Kh7 30. Qf8 f6 31. Rd1 Nc3 32. Rd8 Qb1+ 33. Kh2
Qxf5 34. Qg8+ Kg6 35. Nh4+ Kg5 36. Qxg7+ 1-0

[Event "Druga liga centralne Srbije grupa "]
[Site "?"]
[Date "2016.10.06"]
[Round "6.4"]
[White "Kahrovic, Mersid"]
[Black "Cabarkapa, Mijomir"]
[Result "1/2-1/2"]
[WhiteElo "2296"]
[BlackElo "2182"]
[PlyCount "52"]
[EventDate "2016.09.04"]

1. c4 Nf6 2. Nc3 g6 3. e4 d6 4. d4 Bg7 5. f3 Nc6 6. Be3 e5 7. Nge2 O-O 8. d5
Ne7 9. Qd2 c6 10. dxc6 bxc6 11. Rd1 Be6 12. Qxd6 Qxd6 13. Rxd6 Bxc4 14. Bc5
Rfe8 15. Ng3 Be6 16. Ba6 Bf8 17. Rd2 Rad8 18. Bd6 Bh6 19. Rd1 Nd7 20. Bc7 Ra8
21. Bb7 Rab8 22. Bxb8 Rxb8 23. Ba6 Rxb2 24. Nge2 Be3 25. Rd3 Bb6 26. Rd2 Rb4
1/2-1/2

[Event "Druga liga centralne Srbije grupa "]
[Site "?"]
[Date "2016.10.06"]
[Round "6.4"]
[White "Dragasevic, Dragan"]
[Black "Dumic, Marko"]
[Result "1/2-1/2"]
[WhiteElo "2190"]
[BlackElo "2270"]
[PlyCount "105"]
[EventDate "2016.09.04"]

1. d4 e6 2. Nf3 d5 3. g3 f5 4. Bg2 Nf6 5. O-O Bd6 6. c4 c6 7. Nc3 O-O 8. Bg5 h6
9. Bxf6 Qxf6 10. cxd5 exd5 11. e3 Nd7 12. Rb1 Qe7 13. Nh4 Kh7 14. Qh5 Qf7 15.
Qxf7 Rxf7 16. b4 g5 17. Nf3 a6 18. a4 Re7 19. Rfc1 Nf6 20. b5 axb5 21. axb5 f4
22. exf4 gxf4 23. bxc6 bxc6 24. Nh4 Rb8 25. Rxb8 Bxb8 26. Nxd5 Nxd5 27. Bxd5
Ba7 28. Nf3 Bg4 29. Bxc6 fxg3 30. hxg3 Bxf3 31. Bxf3 Bxd4 32. Kg2 Ra7 33. Rc4
Bf6 34. Rc6 Kg7 35. Rc2 Bd4 36. Be4 Bf6 37. Kh3 Bd4 38. f3 Bf6 39. Kg4 Re7 40.
Rc4 Re5 41. f4 Re7 42. Bd5 Rd7 43. Rc5 Bd4 44. Rb5 Bf2 45. Kf3 Be1 46. g4 Re7
47. Rb6 Bd2 48. Be4 Rf7 49. Ra6 Kf8 50. f5 Bg5 51. Bd5 Rf6 52. Ra5 Ke7 53. Ke4
1/2-1/2

[Event "Druga liga centralne Srbije grupa "]
[Site "?"]
[Date "2016.10.06"]
[Round "6.4"]
[White "Brajovic, Miroljub"]
[Black "Jovcic, Zoran"]
[Result "1/2-1/2"]
[WhiteElo "2083"]
[BlackElo "2149"]
[PlyCount "35"]
[EventDate "2016.09.04"]

1. e4 c5 2. c3 e6 3. d4 d5 4. exd5 exd5 5. Nf3 Nf6 6. Bb5+ Bd7 7. Bxd7+ Nbxd7
8. O-O Be7 9. dxc5 Nxc5 10. Re1 O-O 11. Nd4 Nce4 12. f3 Nd6 13. Qb3 Re8 14. Na3
Qd7 15. Bg5 Nf5 16. Rad1 Nxd4 17. cxd4 h6 18. Bh4 1/2-1/2

[Event "Druga liga centralne Srbije grupa "]
[Site "?"]
[Date "2016.10.06"]
[Round "6.4"]
[White "Kijanovic, Igor"]
[Black "Nikolic, Ivan D"]
[Result "1-0"]
[WhiteElo "2066"]
[BlackElo "1818"]
[PlyCount "59"]
[EventDate "2016.09.04"]

1. d4 Nf6 2. c4 g6 3. Nc3 Bg7 4. e4 d6 5. Nf3 O-O 6. Be2 Ne8 7. O-O Nc6 8. h3
e5 9. Bg5 f6 10. Be3 Ne7 11. Rc1 Bd7 12. c5 f5 13. Qb3+ Kh8 14. cxd6 cxd6 15.
dxe5 dxe5 16. Ng5 Nd6 17. Rfd1 Nec8 18. exf5 gxf5 19. Ne6 Bxe6 20. Qxe6 Qf6 21.
Qxf6 Bxf6 22. Bc5 Rd8 23. Nd5 Bg5 24. f4 exf4 25. Bf3 Ne4 26. Bd4+ Kg8 27. Nc7
Rb8 28. Ne6 Rd5 29. Nxg5 Rxd4 30. Rxd4 1-0

[Event "Druga liga centralne Srbije grupa "]
[Site "?"]
[Date "2016.10.06"]
[Round "6.5"]
[White "Vujic, Mihailo"]
[Black "Bojovic, Dusan"]
[Result "0-1"]
[WhiteElo "2331"]
[BlackElo "2246"]
[PlyCount "80"]
[EventDate "2016.09.04"]

1. d4 Nf6 2. Nc3 c5 3. d5 d6 4. Bg5 g6 5. Bxf6 exf6 6. e4 Bg7 7. Bb5+ Nd7 8.
Nge2 O-O 9. Ng3 Qa5 10. O-O a6 11. Bxd7 Bxd7 12. Qf3 Rfe8 13. Qf4 Re5 14. Qh4
Rae8 15. f4 R5e7 16. e5 f5 17. exd6 Re3 18. Nd1 Re1 19. c3 c4 20. Rxe1 Rxe1+
21. Nf1 Re4 22. Nf2 Qb6 23. Nd2 g5 24. Qxg5 Re2 25. Rf1 Rxd2 26. Qe7 Bb5 27. b3
cxb3 28. c4 Bxc4 29. Qe1 Rxd5 30. Qe8+ Bf8 31. Re1 b2 32. h3 b1=Q 33. Rxb1
Qxb1+ 34. Kh2 Rxd6 35. Qe3 Qxa2 36. Qc5 Rg6 37. h4 Bxc5 38. h5 Rxg2+ 39. Kh3
Qxf2 40. h6 Qg3# 0-1

[Event "Druga liga centralne Srbije grupa "]
[Site "?"]
[Date "2016.10.06"]
[Round "6.5"]
[White "Toth, Aleksandar"]
[Black "Tojagic, Dane"]
[Result "0-1"]
[WhiteElo "2341"]
[BlackElo "2265"]
[PlyCount "72"]
[EventDate "2016.09.04"]

1. e4 e5 2. Nf3 Nf6 3. Nxe5 d6 4. Nf3 Nxe4 5. d4 Be7 6. Bd3 d5 7. O-O Nc6 8. c4
Nb4 9. cxd5 Nxd3 10. Qxd3 Qxd5 11. Re1 Bf5 12. g4 Bg6 13. Nc3 Nxc3 14. Qxc3 Kf8
15. Rxe7 Kxe7 16. Bf4 Kf8 17. Re1 f6 18. Nh4 Rd8 19. Bxc7 Rd7 20. Bb8 Kf7 21.
Bxa7 Re8 22. Rxe8 Kxe8 23. Bc5 Qxa2 24. Qe1+ Kf7 25. f4 Bd3 26. f5 b6 27. Bb4
Qd5 28. Bc3 Re7 29. Qg3 Qe4 30. Ng2 Bc4 31. h4 Bd5 32. Nf4 Qh1+ 33. Kf2 Bc4 34.
Qg2 Qxh4+ 35. Kf3 Re2 36. Nxe2 Bd5+ 0-1

[Event "Druga liga centralne Srbije grupa "]
[Site "?"]
[Date "2016.10.06"]
[Round "6.5"]
[White "Markovic, Dragan P"]
[Black "Jovanovic, Miroslav O"]
[Result "1-0"]
[WhiteElo "2237"]
[BlackElo "2101"]
[PlyCount "55"]
[EventDate "2016.09.04"]

1. e4 c5 2. c3 d5 3. exd5 Qxd5 4. d4 Nf6 5. Nf3 e6 6. Be3 cxd4 7. cxd4 Bb4+ 8.
Nc3 O-O 9. a3 Bxc3+ 10. bxc3 Qa5 11. Qc2 b6 12. Bd2 Bb7 13. c4 Qh5 14. Be2 Qg4
15. O-O Be4 16. Qb2 Nc6 17. h3 Qh5 18. Rfe1 h6 19. Ne5 Qh4 20. f3 Nxe5 21. dxe5
Bc6 22. exf6 gxf6 23. Bb4 Rfe8 24. Rad1 f5 25. Bc3 Kh7 26. Bf6 Qh5 27. Kh2 Qg6
28. Qe5 1-0

[Event "Druga liga centralne Srbije grupa "]
[Site "?"]
[Date "2016.10.06"]
[Round "6.5"]
[White "Jovanovic, Obrad"]
[Black "Milovanovic, Nenad"]
[Result "0-1"]
[WhiteElo "2088"]
[BlackElo "2149"]
[PlyCount "66"]
[EventDate "2016.09.04"]

1. Nf3 d5 2. d3 Nf6 3. Nbd2 Bf5 4. g3 Qc8 5. Bg2 Bh3 6. O-O h5 7. Bxh3 Qxh3 8.
Ng5 Qd7 9. h4 Nc6 10. e4 e6 11. Re1 dxe4 12. Ndxe4 O-O-O 13. Qe2 Nd4 14. Qd1
Ng4 15. f3 Ne5 16. c3 Nf5 17. d4 Ng6 18. Qe2 f6 19. Nh3 e5 20. Kg2 exd4 21.
cxd4 Nxd4 22. Qc4 Nxf3 23. Re2 Nge5 24. Qb3 Nd4 25. Qe3 Nxe2 26. Qxe2 Qd1 27.
Qf2 Qd5 28. Qf5+ Qd7 29. Qf2 Qc6 30. Qf5+ Kb8 31. Nhf2 Bc5 32. Bf4 Bxf2 33.
Bxe5 fxe5 0-1

[Event "Druga liga centralne Srbije grupa "]
[Site "?"]
[Date "2016.10.06"]
[Round "6.5"]
[White "Osatovic, Aleksandar"]
[Black "Djukic, Sinisa"]
[Result "1-0"]
[WhiteElo "2106"]
[BlackElo "2071"]
[PlyCount "35"]
[EventDate "2016.09.04"]

1. d4 d5 2. c4 Nc6 3. Nc3 dxc4 4. e3 Nf6 5. Bxc4 e6 6. Nf3 Be7 7. O-O O-O 8. e4
Na5 9. Bd3 c5 10. dxc5 Bxc5 11. e5 Nd5 12. Bxh7+ Kh8 13. Ng5 g6 14. Nce4 Be7
15. Qg4 f5 16. Qh3 Kg7 17. Nxe6+ Bxe6 18. Qh6+ 1-0

[Event "Druga liga centralne Srbije grupa "]
[Site "?"]
[Date "2016.10.06"]
[Round "6.5"]
[White "Bojovic, Zoran"]
[Black "Simic, Goran S"]
[Result "1-0"]
[WhiteElo "2083"]
[BlackElo "2079"]
[PlyCount "57"]
[EventDate "2016.09.04"]

1. e4 d6 2. d4 Nf6 3. Nc3 g6 4. h3 Bg7 5. Bc4 O-O 6. Nf3 Nxe4 7. Nxe4 d5 8. Bd3
dxe4 9. Bxe4 c6 10. O-O Nd7 11. c3 Nf6 12. Bc2 Be6 13. Re1 Bd5 14. Ne5 Nd7 15.
Nd3 Rc8 16. Bg5 Nf6 17. Ne5 Re8 18. Qd2 Be6 19. Rad1 Nd7 20. Nf3 Bd5 21. Qd3
Bxf3 22. Qxf3 Nf6 23. Bb3 Qd7 24. Re5 Qd8 25. Rde1 e6 26. Rxe6 fxe6 27. Rxe6
Kh8 28. Bxf6 Bxf6 29. Rxe8+ 1-0

[Event "Druga liga centralne Srbije grupa "]
[Site "?"]
[Date "2016.10.06"]
[Round "6.6"]
[White "Colovic, Dusan"]
[Black "Bzenic, Dejan"]
[Result "1-0"]
[WhiteElo "2317"]
[BlackElo "2294"]
[PlyCount "79"]
[EventDate "2016.09.04"]

1. d4 g6 2. e4 Bg7 3. Nc3 d6 4. Be2 Nc6 5. Be3 e5 6. dxe5 Nxe5 7. Qd2 Nf6 8. f3
Be6 9. O-O-O Nc4 10. Bxc4 Bxc4 11. Bh6 Bxh6 12. Qxh6 Qe7 13. Nh3 O-O-O 14. Rhe1
Be6 15. Nd5 Bxd5 16. exd5 Qf8 17. Qf4 Qg7 18. Qd4 a6 19. Ng5 Rhe8 20. Kb1 h6
21. Ne4 Re5 22. f4 Rf5 23. Nxf6 Qxf6 24. Qa7 c5 25. dxc6 Rb5 26. b3 d5 27. a4
Rb4 28. Qc5 Qd6 29. cxb7+ Kb8 30. Rxd5 Rxb3+ 31. cxb3 Qxd5 32. Qxd5 Rxd5 33.
Re8+ Kxb7 34. Re7+ Kb6 35. Rxf7 Rd2 36. Rf6+ Ka5 37. Rxg6 Kb4 38. Rg3 Rf2 39.
Rf3 Rxg2 40. f5 1-0